000 00894nam a2200253 a 4500
001 50849
003 BD-RjUL
005 20211209075556.0
008 160828s1955 gw b 001 0 eng
035 _a(BD-RjUL)50969
035 _a(OCoLC)1047534
040 _aDLC
_cOYU
_dOCoLC
_dMnU
_dDLC
_dBD-RjUL
_beng
041 _aeng
082 _a516
_223
_bROA 1955
100 1 _aRoth, L.
_q(Leonard)
_9152217
245 1 0 _aAlgebraic threefolds :
_b with special regard to problems of rationality /
_cL. roth
260 _aBerlin :
_bSpringer-Verlag,
_c1955.
300 _aviii, 142 p. ;
_c23 cm.
490 1 _aErgebnisse der Mathematik und ihrer Grenzgebiete, N.F. Heft 6. Reihe: Algebraische Geometrie
504 _ainculdes Bibliography and index
650 0 _aGeometry, Algebraic.
_9151297
830 0 _aErgebnisse der Mathematik und ihrer Grenzgebiete.
_vN.F., Heft 6.
_9156325
942 _2ddc
_cBK
999 _c50849
_d50849